Parchomenko, muž statečného srdce /

Hlavní autor: Ivanov, Vsevolod Vjačeslavovič, 1895-1963
Další autoři: Mervart, Miroslav, 1920-, Hruška, Čeněk, Štorm, Břetislav
Jazyk: Čeština
Vydáno: Praha : Naše vojsko, 1950
Vydání: 2. vydání, v Našem vojsku 1.
Edice: Štít
Fyzický popis: 406 stran ; 8°
Knihy
Uloženo v:
LEADER 01279nam a22003612i 4500
001 001492651
003 CZ BrMZK
005 20160208121849.0
007 ta
008 151016s1950 xr er|||||||||||cze d
015 |a cnb000677513 
035 |a (OCoLC)77115098 
040 |a ABA001  |b cze  |c BOA001  |d ABA001  |d BOA001  |e rda 
041 1 |a cze  |h rus 
100 1 |a Ivanov, Vsevolod Vjačeslavovič,  |d 1895-1963  |7 jn19990210300  |4 aut 
240 1 0 |a Parchomenko.  |l Česky 
245 1 0 |a Parchomenko, muž statečného srdce /  |c V.V. Ivanov ; z ruského originálu Parchomenko přeložil Miroslav Mervart ; doslov napsal Čeněk Hruška ; redigoval Břetislav Štorm 
250 |a 2. vydání, v Našem vojsku 1. 
264 1 |a Praha :  |b Naše vojsko,  |c 1950 
300 |a 406 stran ;  |c 8° 
336 |a text  |b txt  |2 rdacontent 
337 |a bez média  |b n  |2 rdamedia 
338 |a svazek  |b nc  |2 rdacarrier 
490 1 |a Štít ;  |v svazek 13 
500 |a 6000 výtisků 
700 1 |a Mervart, Miroslav,  |d 1920-  |7 jk01081325  |4 trl 
700 1 |a Hruška, Čeněk  |4 waw 
700 1 |a Štorm, Břetislav  |4 edt 
830 0 |a Štít  |0 s 
910 |a BOA001  |b 2-0252.851 
990 |a BK 
991 |b 201510 
996 6 |b 2618726171  |c 2-0252.851  |l MZK  |r Sklad / do 24 hodin  |n 0  |w 001527659  |u 000010  |a 1  |e BOA001  |j MZK50  |s P